| 000 -ლიდერი |
| ფიქსირებული სიგრძის საკონტროლო ველი |
01083nam a2200229Ia 4500 |
| 001 - საკონტროლო ნომერი |
| საკონტროლო ველი |
23528 |
| 003 - საკონტროლო ნომრის იდენტიფიკატორი |
| საკონტროლო ველი |
GE_BSU |
| 005 - ბოლო ოპერაციის თარიღი და დრო |
| საკონტროლო ველი |
20260223121446.0 |
| 008 - ფიქსირებული სიგრძის მონაცემთა ელემენტები - ზოგადი ინფორმაცია |
| ფიქსირებული სიგრძის საკონტროლო ველი |
181216s1988||||ge |||||||||||||| ||geo|| |
| 040 ## - კატალოგიზაციის წყარო |
| Transcribing agency |
GE_BSU |
| 041 ## - ენის კოდი |
| Language code of text/sound track or separate title |
geo |
| 080 ## - უნივერსალური ათობითი კლასიფიკაციის ინდექსი |
| Universal Decimal Classification number |
94(100)"1918/..."(075.8) უ-15 |
| 245 ## - ცნობა სათაურის შესახებ |
| Title |
უახლესი ისტორია, 1918-1945 წ.წ. : |
| Remainder of title |
ნაკვ. 1 სახელმძღვ. უმაღლ. სასწ. ისტორიის ფაკ-ტის სტუდ. / |
| Statement of responsibility, etc |
რედ.: კ. ანთაძე, გ. ბოლოთაშვილი. |
| 264 ## - წარმოების, გამოცემის, დისტრიბუციის და სხვა ცნობები |
| გამოცემის, წარმოების, დისტრიბუციის... ადგილი |
თბილისი : |
| გამოცემის, წარმოების, დისტრიბუციის... სახელწოდება |
თბილ. უნ-ტის გამ-ბა, |
| გამოცემის, წარმოების, დისტრიბუციის... თარიღი |
1988. |
| 300 ## - ფიზიკური აღწერა |
| Extent |
502 გვ. ; |
| Dimensions |
22 სმ. |
| 504 ## - BIBLIOGRAPHY, ETC. NOTE |
| Bibliography, etc |
ბიბლიოგრ. : გვ. 478-501 |
| 653 ## - INDEX TERM--UNCONTROLLED |
| Uncontrolled term |
უახლესი ისტორია, 1918-1945 წ.წ. : ნაკვ. 1 |
| 700 ## - ADDED ENTRY--PERSONAL NAME |
| Personal name |
ანთაძე, კ. |
| Relator term |
რედაქტორი |
| 9 (RLIN) |
1538 |
| 700 ## - ADDED ENTRY--PERSONAL NAME |
| Personal name |
ბოლოთაშვილი, გ. |
| Relator term |
რედაქტორი |
| 9 (RLIN) |
26948 |
| 942 ## - ADDED ENTRY ELEMENTS (KOHA) |
| Koha item type |
წიგნი |
| Source of classification or shelving scheme |
|